| 000 | 00859nas a2200277.c 4500 | ||
|---|---|---|---|
| 001 | 53643 | ||
| 003 | ES-MaCES | ||
| 005 | 20250409140155.0 | ||
| 007 | cr ||||||||||| | ||
| 008 | 250402c1981 xxkqr|p||t||| 0|||||eng d | ||
| 022 | _a0144-686X | ||
| 022 | _a1469-1779 (ISSNe) | ||
| 040 |
_aES-MaCES _bspa _cES-MaCES |
||
| 245 | 0 | 0 |
_aAgeing and society _hRecurso electrónico |
| 260 |
_aCambridge _bCambridge University Press _c1981- |
||
| 300 | _a v. | ||
| 310 |
_aTrimestral _b1981- |
||
| 362 | _aVol. 1, part 1 (1981)- | ||
| 541 | _cGratuito | ||
| 650 | 4 |
_927269 _asociedad |
|
| 650 | 4 |
_928520 _avejez |
|
| 653 | 1 | 0 | _aCiencias Sociales-Políticas |
| 856 | 4 | 1 |
_uhttps://www.cambridge.org/core/journals/ageing-and-society/all-issues _ytexto completo desde vol. 1, n. 1 (1981) _zAcceso desde la IP del CES |
| 942 |
_2CES _cCR _h7.0. |
||
| 999 |
_c53643 _d53643 |
||